1857 1682 1290 1004 1609 1834 1905 1539 1123 1961 1464 1182 1293 1316 1178 1222 1297 1428 1620 1429 1327 1929 1683 1884 1745 1238 1573 1752 1403 1134 1984 1615 1260 1867 1477 1110 1559 1035 1506 1049 1763 1459 1708 1201 1278 1693 1692 1541 1351 1833 1704 1632 1982 1505 1586 1739 1843 1684 1408 1662 1220 1948 1662 1865 1897 1842 1641 1863 1140 1109 1924 1074 1045 1316 1643 1140 1332 1776 1577 1007 1338 1073 1322 1601 1305 1187 1558 1994 1019 1057 1288 1526 1285 1615 1943 1336 1472 1258 1347 BCNSPRNW ULIB Ver.6.0+V

เปลี่ยนเป็นภาษาไทย

Change to English
 แสดงรายละเอียดบรรณานุกรม
  กลับหน้าหลัก

Brief Record : Get Marc (ISO 2709) : E-mail record : QR code < ปิดหน้าต่าง
LEADER : 00000nam 2200000uu 4500
001    13399124958
003     ULIB
008    160526s2558||||th 000 0 tha d
020    ^a9786162797194
060  4 ^aWY154^bก226
100    ^aรัชนี เบญจธนัง,^eบรรณาธิการ
245    ^aการพยาบาลศัลยศาสตร์วิกฤต=^bCritical nursing care essentials surgical patient/^cรัชนี เบญจธนัง, พิมพ์จิตร์ กาญจนสินธุ์, ปราณี ทองใส และ สุมิตรา สินธ์ศิริมานะ, บรรณาธิการ
250    ^aพิมพ์ครั้งที่ 2
260    ^aกรุงเทพมหานคร :^bฝ่ายการพยาบาล โรงพยาบาลศิริราช,^c2558
300    ^a344 หน้า, 26 ซม.
500    ^aการพยาบาลผู้ใหญ่
505 0  ^aการพยาบาลผู้ป่วยหลังผ่าตัดเนื้องอกในสมอง,การพยาบาลผู้ป่วยภาวะเลือดออกใต้เยื่อหุ้มสมองชั้นกลางและโรคเส้นเลือดขอดในสมอง,การพยาบาลผู้ป่วยบาดเจ็บศรีษะในระยะวิกฤต,การพยาบาลผู้ป่วยบาดเจ็บหัวใจและทรวงอก,การพยาบาลผู้ป่วยบาดเจ็บของระบบกล้ามเนื้อและกระดูก,การพยาบาลผู้่ป่วยบาดเจ็บหลายระบบ,การพยาบาลผู่ป่วยบาดเจ็บช่องท้อง,การพยาบาลผู่ป่วยภายหลังผ่าตัดหัวใจ,การพยาบาลผู้ป่วยโรคหัวใจล้มเหลวที่ใช้เครื่องพยุงระบบไหลเวียนโลหิต,การพยาบาลผู้ป่วยหลังผ่าตัดเปลี่ยนหัวใจ ในระยะวิกฤต,การพายาบาลผู้ป่วยแขน/ขาขาดเลือดเฉียบพลัน,การพยาบาลผู้ป่วยที่มีภาวะแทรกซ้อนภายหลังผ่าตัดระบบทางเดินอาหาร,การพยาบาลผู้ป่วยที่มีเลือดออกทางเดินอาหารในระยะวิกฤต,ภาวะแทรกซ็อนระบบหายใจภายหลังการผ่าตัดในผู้ป่วยหนัก : มุมมองทางการพยาบล,การพยาบาลผู้ป่วยแผลไหม้ในระยะวิกฤต,การป้องกันแผลกดทับและผิวหนังถูกทำลายจากความเปียกชื้นในผู้ป่วยไอซียู
650    ^aการพยาบาลศัลยศาสตร์
650    ^aCritical nursing care
650    ^aSurgical patient
700 0  ^aพิมพ์จิตร์ กาญจนสินธุ์
700 0  ^aปราณี ทองใส
700 0  ^aสุมิตรา สินธ์ศิริมานะ
945    ^p400^l0^i23631
945    ^p400^l0^i23632
945    ^p400^l0^i23633
945    ^p400^l0^i23634
945    ^p400^l0^i23635
999    ^aทศพร เกษรทอง
รายการนี้ยังไม่มีแท็ก
คุณยังไม่ได้ล็อกอิน คุณสามารถมีกิจกรรมร่วมกับเว็บไซต์ได้ แต่ต้องล็อกอินก่อน ::
  ล็อกอิน

รายการสื่อสารสนเทศ

ลำดับที่ ประเภท เลขเรียก/บาร์โค้ด สถานที่ สถานะ
1. Book การพยาบาล
หนังสือสำรอง
สถานะ=หนังสือสำรอง
WY154 ก226 ฉ.1 
  Barcode: 23631
ห้องสมุดวิทยาเขตนครสวรรค์
►ส่วนจัดเก็บหนังสือเก่า นว.
บนชั้น
  ขอยืม
2. Book การพยาบาล
Book การพยาบาล
WY154 ก226 ฉ.2 
  Barcode: 23632
ห้องสมุดวิทยาเขตนครสวรรค์
►ส่วนจัดเก็บหนังสือเก่า นว.
บนชั้น
  ขอยืม
3. Book การพยาบาล
Book การพยาบาล
WY154 ก226 ฉ.3 
  Barcode: 23633
ห้องสมุดวิทยาเขตนครสวรรค์
►หนังสือทั่วไป:l:General Books
บนชั้น
4. Book การพยาบาล
Book การพยาบาล
WY154 ก226 ฉ.4 
  Barcode: 23634
ห้องสมุดวิทยาเขตนครสวรรค์
►ส่วนจัดเก็บหนังสือเก่า นว.
บนชั้น
  ขอยืม
5. Book การพยาบาล
Book การพยาบาล
WY154 ก226 ฉ.5 
  Barcode: 23635
ห้องสมุดวิทยาเขตนครสวรรค์
►หนังสือทั่วไป:l:General Books
บนชั้น

รายการใกล้เคียง
    ผู้แต่ง [รัชนี เบญจธนัง, บรรณาธิการ]

    หัวเรื่อง [การพยาบาลศัลยศาสตร์]
    หัวเรื่อง [Critical nursing care]
    หัวเรื่อง [Surgical patient]

BibComment


ยังไม่เคยถูกคอมเมนท์

คอมเมนท์ทรัพยากรรายการนี้
  คอมเมนท์: การพยาบาลศัลยศาส..


 Copyright 2026. Bcnsprnw @Library